Going for gold standards (Record no. 77507)
[ view plain ]
| 000 -LEADER | |
|---|---|
| fixed length control field | 01171cab a2200217 4500 |
| 001 - CONTROL NUMBER | |
| control field | ##L134403 |
| 008 - FIXED-LENGTH DATA ELEMENTS--GENERAL INFORMATION | |
| fixed length control field | 060802n2006 000 0 eng u |
| 035 ## - SYSTEM CONTROL NUMBER | |
| System control number | (Sirsi) u134403 |
| 041 0# - LANGUAGE CODE | |
| Language code of text/sound track or separate title | eng |
| 100 1# - MAIN ENTRY--PERSONAL NAME | |
| Personal name | Lynch, Russ |
| 245 00 - TITLE STATEMENT | |
| Title | Going for gold standards |
| 260 ## - PUBLICATION, DISTRIBUTION, ETC. | |
| Date of publication, distribution, etc. | 2006 |
| 490 #0 - SERIES STATEMENT | |
| Series statement | Construction News |
| Volume/sequential designation | (6977) 27 July 2006, 12-13(2) |
| 520 ## - SUMMARY, ETC. | |
| Summary, etc. | Looks at the procurement strategy issued by the London 2012 Olympic Delivery Authority (ODA). The strategy's statement that the lowest priced bids will not automatically be successful, and the ODA's commitment to being an intelligent client, will be welcomed by many in the construction industry. By using the NEC3 partnering contract, the ODA has made it clear that it intends to collaborate closely with the main contractors, in an effort to avoid the problems that have been encountered with the Wembley Stadium project. Warns that to be fully effective, however, the entire supply chain must use this suite of contracts. |
| 590 ## - LOCAL NOTE (RLIN) | |
| Local note | IKA010806 |
| 650 24 - SUBJECT ADDED ENTRY--TOPICAL TERM | |
| Topical term or geographic name entry element | OLYMPIC GAMES 2012 |
| 650 24 - SUBJECT ADDED ENTRY--TOPICAL TERM | |
| Topical term or geographic name entry element | NEW ENGINEERING CONTRACT (THIRD EDITION) |
| 651 #4 - SUBJECT ADDED ENTRY--GEOGRAPHIC NAME | |
| Geographic name | LONDON |
| 690 ## - LOCAL SUBJECT ADDED ENTRY--TOPICAL TERM (OCLC, RLIN) | |
| Topical term or geographic name as entry element | Procurement |
| 9 (RLIN) | 6260 |
| 942 ## - ADDED ENTRY ELEMENTS (KOHA) | |
| Suppress in OPAC | 0 |
| Withdrawn status | Lost status | Source of classification or shelving scheme | Damaged status | Not for loan | Home library | Current library | Shelving location | Date acquired | Total Checkouts | Full call number | Barcode | Date last seen | Copy number | Price effective from | Koha item type |
|---|---|---|---|---|---|---|---|---|---|---|---|---|---|---|---|
| Dewey Decimal Classification | London | London | Journal article | 02/08/2006 | L134403 | 134403-1001 | 06/08/2019 | 1 | 06/08/2019 | Journal article |